Statistics for Biggest Cities of Each 50 States

Click here to take the quiz!

General Stats

  • This quiz has been taken 320 times
  • The average score is 37 of 50

Answer Stats

StateCity% Correct
CaliforniaLos Angeles
96%
ColoradoDenver
95%
New YorkNew York
95%
IllinoisChicago
95%
TexasHouston
93%
MassachusettsBoston
92%
LouisianaNew Orleans
91%
ArizonaPhoenix
91%
GeorgiaAtlanta
91%
WashingtonSeattle
89%
NevadaLas Vegas
89%
IndianaIndianapolis
89%
MississippiJackson
89%
HawaiiHonolulu
88%
PennsylvaniaPhiladelphia
87%
Maine | OregonPortland
86%
MissouriKansas City
86%
UtahSalt Lake City
86%
MichiganDetroit
85%
OklahomaOklahoma City
84%
MinnesotaMinneapolis
84%
TennesseeMemphis
82%
MarylandBaltimore
81%
AlaskaAnchorage
81%
IdahoBoise
81%
ArkansasLittle Rock
81%
FloridaJacksonville
81%
IowaDes Moines
76%
OhioColumbus
73%
Rhode IslandProvidence
71%
North CarolinaCharlotte
71%
WisconsinMilwaukee
68%
KentuckyLouisville
68%
New JerseyNewark
66%
NebraskaOmaha
66%
AlabamaBirmingham
65%
New MexicoAlbuquerque
64%
West VirginiaCharleston
61%
WyomingCheyenne
57%
VirginiaVirginia Beach
54%
South CarolinaColumbia
52%
KansasWichita
51%
North DakotaFargo
49%
MontanaBillings
41%
DelawareWilmington
39%
South DakotaSioux Falls
38%
New HampshireManchester
34%
VermontBurlington
31%
ConnecticutBridgeport
30%

Score Distribution

Percentile by Number Answered

Percent of People with Each Score

Your Score History

You have not taken this quiz